Accounting and finance : (Record no. 19016)
[ view plain ]
| 000 -LEADER | |
|---|---|
| fixed length control field | 01724cam a22002418i 4500 |
| 001 - CONTROL NUMBER | |
| control field | 17970388 |
| 005 - DATE AND TIME OF LATEST TRANSACTION | |
| control field | 20150314113908.0 |
| 008 - FIXED-LENGTH DATA ELEMENTS--GENERAL INFORMATION | |
| fixed length control field | 131212s2014 nyu 000 0 eng |
| 020 ## - INTERNATIONAL STANDARD BOOK NUMBER | |
| International Standard Book Number | 9781292012568 |
| 040 ## - CATALOGING SOURCE | |
| Original cataloging agency | DLC |
| Language of cataloging | eng |
| Transcribing agency | DLC |
| 082 00 - DEWEY DECIMAL CLASSIFICATION NUMBER | |
| Classification number | 657 |
| Edition number | 22 |
| Item number | MCL |
| 100 1# - MAIN ENTRY--PERSONAL NAME | |
| Personal name | McLaney, E. J. |
| 9 (RLIN) | 34899 |
| 245 10 - TITLE STATEMENT | |
| Title | Accounting and finance : |
| Remainder of title | an introduction / |
| Statement of responsibility, etc | Eddie McLaney and Peter Atrill. |
| 250 ## - EDITION STATEMENT | |
| Edition statement | 7th ed. |
| 260 ## - PUBLICATION, DISTRIBUTION, ETC. (IMPRINT) | |
| Place of publication, distribution, etc | Harlow, United Kingdom : |
| Name of publisher, distributor, etc | Pearson Education Education, |
| Date of publication, distribution, etc | 2014. |
| 300 ## - PHYSICAL DESCRIPTION | |
| Extent | xxx, 830 p. : |
| 505 0# - FORMATTED CONTENTS NOTE | |
| Formatted contents note | Preface -- How to use this book -- Guided tours -- Guided tours of myaccountinglab -- Acknowledgements -- Introduction to accounting -- Financial accounting -- Measuring and reporting financial position -- Measuring and reporting financial performance -- Accounting for limited companies -- Accounting for limited companies -- Measuring and reporting cash flows -- Analysing and interpreting financial statements -- Management accounting -- Relevant costs for decision making -- Cost-volume-profit analysis -- Full costing -- Costing and performance evaluation in a competitive environment -- Budgeting -- Accounting for control -- Financial management -- Making capital investment decisions -- Financing a business -- Managing working capital -- Supplementary information -- Appendix A: recording financial transactions -- Appendix B: glossary of key terms -- Appendix C: solutions to self-assessment questions -- Appendix D: solutions to review questions -- Appendix E: solutions to selected exercises -- Appendix F: present value table -- Index. |
| 650 #0 - SUBJECT ADDED ENTRY--TOPICAL TERM | |
| Topical term or geographic name as entry element | Accounting. |
| 653 ## - INDEX TERM--UNCONTROLLED | |
| Resource For college | BAEPS, Business Administration |
| Arrived date list | March2015 |
| 655 ## - INDEX TERM--GENRE/FORM | |
| Form subdivision | |
| -- | 34232 |
| 700 1# - ADDED ENTRY--PERSONAL NAME | |
| Personal name | Atrill, Peter. |
| 942 ## - ADDED ENTRY ELEMENTS (KOHA) | |
| Source of classification or shelving scheme | Dewey Decimal Classification |
| Withdrawn status | Item status | Source of classification or shelving scheme | Damaged status | Not for loan | Vendor | Home library | Current library | Shelving location | Date acquired | Source of acquisition | Cost, normal purchase price | Total Checkouts | Full call number | Barcode | Date last seen | Cost, replacement price | Koha item type | Total Renewals | Date last borrowed |
|---|---|---|---|---|---|---|---|---|---|---|---|---|---|---|---|---|---|---|---|
| Dewey Decimal Classification | Baccah | Central Library | Central Library | First floor | 14/03/2015 | 270.00 | 657 MCL | 000037493 | 15/07/2025 | 337.50 | Book - Borrowing | ||||||||
| Dewey Decimal Classification | Baccah | Central Library | Central Library | First floor | 14/03/2015 | 270.00 | 1 | 657 MCL | 000037494 | 15/07/2025 | 337.50 | Book - Borrowing | 47 | 15/02/2017 | |||||
| Dewey Decimal Classification | Baccah | Central Library | Central Library | First floor | 14/03/2015 | 657 MCL | 000037495 | 15/07/2025 | Book - Borrowing |